000 00289nam a22001337a 4500
008 170503b xxu||||| |||| 00| 0 eng d
020 _a9780137025848
041 _aeng
080 _a343.9
100 _a13
101 _aSHJ
245 _aGARDIAN CTIMINOLOGY
_cVOLK R
942 _2udc
_cBK
999 _c12595
_d12595